000 00477nam a2200133Ia 4500
008 220216s9999 xx 000 0 und d
100 _aBisong Binang Walter
_cet al
245 0 _aEcological characteristics of para rubber (Hevea brasiliensis Muell. Arg) productivity in the Niger Delta region of Nigeria
260 _bInternational Journal of Plant & Soil Science
_c2017
300 _a10-Jan
500 _aSource Year: 2017
856 _uCopy of article (Online)
942 _cJS
999 _c57557
_d57557